Statistics for Communist Countries Quiz

Click here to take the quiz!

General Stats

  • This quiz has been taken 210,582 times
    (128,254 since last reset)
  • The average score is 14 of 26

Answer Stats

YearsCountry% Correct
1949 - presentChina
95%
1922 - 1991Soviet Union
94%
1948 - 2009North Korea
86%
1959 - presentCuba
84%
1976 - presentVietnam
82%
1945 - 1976North Vietnam
82%
1944 - 1989Poland
76%
1945 - 1991Yugoslavia
71%
1947 - 1989Romania
66%
1949 - 1989Hungary
63%
1975 - presentLaos
61%
1949 - 1990East Germany
60%
1979 - 1989Cambodia
60%
1946 - 1990Bulgaria
60%
1948 - 1990Czechoslovakia
58%
1924 - 1992Mongolia
51%
1946 - 1992Albania
49%
1978 - 1992Afghanistan
38%
1975 - 1992Angola
30%
1970 - 1991Rep. of the Congo
25%
1987 - 1991Ethiopia
23%
1969 - 1991Somalia
20%
1975 - 1990Mozambique
19%
1967 - 1990South Yemen
15%
1979 - 1983Grenada
11%
1975 - 1990Benin
9%

Score Distribution

Percentile by Number Answered

Percent of People with Each Score

Your Score History

You have not taken this quiz since the last reset